| 000 | 01049nam a22003257a 4500 | ||
|---|---|---|---|
| 003 | CHAP | ||
| 005 | 20220817043053.0 | ||
| 008 | 971010s1977 r 00010 d | ||
| 010 | _a64583 | ||
| 011 | _a65555 | ||
| 035 | _a72513 | ||
| 040 | _cCHAP | ||
| 082 |
_a583.32 _bS5 |
||
| 100 | 0 | 0 |
_aSimpson, Beryl B. _9106496 |
| 245 | _aMesquite ; its biology in two desert scrub ecosystems | ||
| 260 |
_aStroudsurg : _bDowden, Hutchinson and Ross, _c1977 |
||
| 300 | _a250 p. | ||
| 490 |
_aUS/IBP synthesis series _v; 4 |
||
| 590 |
_aBATCH-UPD _b10 _c20130110 _lUCH01 _h0817 |
||
| 590 |
_aBATCH-UPD _b10 _c20130410 _lUCH01 _h0454 |
||
| 590 |
_aBATCH-UPD _b10 _c20130914 _lUCH01 _h1154 |
||
| 590 |
_aCONVERSION _b10 _c20130109 _lUCH01 _h1335 |
||
| 650 | 1 | 4 |
_aDesiertos _xEcologĂa. _932149 |
| 650 | 1 | 4 |
_aMezquite. _975366 |
| 830 | 0 |
_aUS IBP synthesis series _v; 4 |
|
| 901 | _aBK | ||
| 942 | _cLIBRO | ||
| 949 |
_a583.32 S5 _bBC _cLIBRO _d33724000449161 _eLIBRO _fc.2 _h56177 _i72513 _si |
||
| 949 |
_a583.32 S5 _bBC _cLIBRO _d33724000455812 _eLIBRO _h56176 _i72513 _si |
||
| 999 |
_c64583 _d64583 |
||